000 00448nam a2200181Ia 4500
001 46584
008 140429s9999 xx 000 0 und d
020 _aNA
040 _cPK-LaUMT
082 _aRHC 891.4393
_bIKR-E
100 _aIkram Ali
245 _aIkhvaan us safaa (Urdu)
_cIkram Ali
260 _aLahore,Pakistan:
_bMajlas-e-Taraqi Adab,
_c2009
300 _a160 p.
546 _aUR
650 _aPakistani literature-Urdu
942 _cBK
999 _c44535
_d44535